La sombra del mal (Record no. 79471)

MARC details
000 -LEADER
campo de control de longitud fija 00628nam a2200193 i 4500
001 - NÚMERO DE CONTROL
campo de control 79471
003 - IDENTIFICADOR DE NÚMERO DE CONTROL
campo de control ES-MaACL
005 - FECHA Y HORA DE LA ÚLTIMA TRANSACCIÓN
campo de control 20230906174002.0
007 - CAMPO FIJO DE DESCRIPCIÓN FÍSICA--INFORMACIÓN GENERAL
campo de control de longitud fija t|
008 - DATOS DE LONGITUD FIJA--INFORMACIÓN GENERAL
campo de control de longitud fija 041021s1924 sp ||||1| spa d
100 1# - ENTRADA PRINCIPAL--NOMBRE DE PERSONA
Nombre de persona Hernández, Lope,
Fechas asociadas al nombre 1896-1979
9 (RLIN) 62830
245 13 - MENCIÓN DEL TÍTULO
Título La sombra del mal
Resto del título : ; La primera aventura : novelas /
Mención de responsabilidad, etc. Lope Hernández ; con una carta prólogo de Concha Espina.
260 ## - PUBLICACIÓN, DISTRIBUCIÓN, ETC.
Lugar de publicación, distribución, etc. Madrid :
Nombre del editor, distribuidor, etc. [s.n.,
Fecha de publicación, distribución, etc. 1924] (
Fabricante Gráfica Universal)
300 ## - DESCRIPCIÓN FÍSICA
Extensión 96 p.
700 1# - ENTRADA AGREGADA--NOMBRE PERSONAL
Nombre de persona Espina, Concha,
Fechas asociadas al nombre 1869-1955
9 (RLIN) 47834
740 3# - ENTRADA AGREGADA--TÍTULO RELACIONADO/ANALÍTICO NO CONTROLADO
Título relacionado o analítico no controlado La primera aventura.
852 ## - LOCALIZACIÓN
Ubicación ES-MaACL
Número de control de estantería F-5314
Sublocalización o colección R.5046
Holdings
Estatus retirado Estado de pérdida Estado de daño No para préstamo Biblioteca de origen Biblioteca actual Ubicación en estantería Fecha de adquisición Fuente de adquisición Total de préstamos Signatura topográfica completa Código de barras Visto por última vez Precio de reemplazo Tipo de ítem Koha
        Biblioteca del Ateneo de Madrid Biblioteca del Ateneo de Madrid Depósito 2 17/01/2008     F-5314 1083103 23/02/2023 23/02/2023 Libro impreso